000 00386nam a2200121Ia 4500
008 220217s9999 xx 000 0 und d
245 0 _aRaw rubber and unvulcanized compounded rubber- Rapid plasticity test
260 _aSwitzerland
260 _c1975
_bInternational Organization for Standards
500 _aStandard number: ISO 2007
650 _aRubber-raw, unculcanized
942 _cST
999 _c74069
_d74069